MARC details
| 000 -LEADER |
| campo de control de longitud fija |
01740cam a2200385 a 4500 |
| 001 - NÚMERO DE CONTROL |
| campo de control |
114646 |
| 005 - FECHA Y HORA DE LA ÚLTIMA TRANSACCIÓN |
| campo de control |
20230410103901.0 |
| 008 - DATOS DE LONGITUD FIJA--INFORMACIÓN GENERAL |
| campo de control de longitud fija |
021223s2003 enka b 001 0 eng |
| 035 ## - NÚMERO DE CONTROL DEL SISTEMA |
| Número de control de sistema |
13040282 |
| 010 ## - NÚMERO DE CONTROL DE LA BIBLIOTECA DEL CONGRESO |
| Número de control de LC |
2002156327 |
| 020 ## - NÚMERO INTERNACIONAL ESTÁNDAR DEL LIBRO |
| Número Internacional Estándar del Libro |
0745320643 (hardback) |
| 020 ## - NÚMERO INTERNACIONAL ESTÁNDAR DEL LIBRO |
| Número Internacional Estándar del Libro |
0745320635 (pbk.) |
| 040 ## - FUENTE DE CATALOGACIÓN |
| Centro catalogador/agencia de origen |
DLC |
| Centro/agencia transcriptor |
DLC |
| Centro/agencia modificador |
DLC |
| 043 ## - CÓDIGO DE ÁREA GEOGRÁFICA |
| Código de área geográfica |
a-is--- |
| -- |
awba--- |
| 050 14 - SIGNATURA TOPOGRÁFICA DE LA BIBLIOTECA DEL CONGRESO |
| Número de clasificación |
416 DS 119.765 |
| Número de ítem |
O61 2003 |
| 082 00 - NÚMERO DE LA CLASIFICACIÓN DECIMAL DEWEY |
| Número de clasificación |
956.95 |
| 245 00 - MENCIÓN DEL TÍTULO |
| Título |
Operation Defensive Shield : |
| Resto del título |
witnesses to Israeli war crimes / |
| Mención de responsabilidad, etc. |
edited by Muna Hamzeh and Todd May. |
| 260 ## - PUBLICACIÓN, DISTRIBUCIÓN, ETC. |
| Lugar de publicación, distribución, etc. |
London ; |
| -- |
Sterling, Va. : |
| Nombre del editor, distribuidor, etc. |
Pluto Press, |
| Fecha de publicación, distribución, etc. |
2003. |
| 300 ## - DESCRIPCIÓN FÍSICA |
| Extensión |
xiii, 199 p. : |
| Otras características físicas |
ill. ; |
| Dimensiones |
22 cm. |
| 500 ## - NOTA GENERAL |
| Nota general |
This unique portrait of Palestinian life under Israeli occupation is composed of personal emails emanating from Palestine during Operation Defensive Shield.' The Bookseller. |
| 500 ## - NOTA GENERAL |
| Nota general |
Este retrato único de la vida palestina bajo la ocupación israelí se compone de correos electrónicos personales que emanan de Palestina durante la Operación Muro Defensivo. |
| 504 ## - NOTA DE BIBLIOGRAFÍA, ETC. |
| Nota de bibliografía, etc. |
Includes bibliographical references (p. 185-191) and index. |
| 650 #0 - PUNTO DE ACCESO ADICIONAL DE MATERIA--TÉRMINO DE MATERIA |
| Término de materia o nombre geográfico como elemento de entrada |
Al-Aqsa Intifada, 2000- |
| Subdivisión de forma |
Personal narratives, Palestinian Arab. |
| 650 #0 - PUNTO DE ACCESO ADICIONAL DE MATERIA--TÉRMINO DE MATERIA |
| Término de materia o nombre geográfico como elemento de entrada |
Al-Aqsa Intifada, 2000- |
| Subdivisión de forma |
Personal narratives, Israeli. |
| 610 10 - PUNTO DE ACCESO ADICIONAL DE MATERIA--NOMBRE DE ENTIDAD CORPORATIVA |
| Nombre de entidad corporativa o nombre de jurisdicción como elemento de entrada |
Israel. |
| Unidad subordinada |
Tseva haganah le-Yiâsra®el |
| Subdivisión geográfica |
West Bank. |
| 650 #0 - PUNTO DE ACCESO ADICIONAL DE MATERIA--TÉRMINO DE MATERIA |
| Término de materia o nombre geográfico como elemento de entrada |
Al-Aqsa Intifada, 2000- |
| Subdivisión general |
Destruction and pillage |
| Subdivisión geográfica |
West Bank. |
| 650 #4 - PUNTO DE ACCESO ADICIONAL DE MATERIA--TÉRMINO DE MATERIA |
| Término de materia o nombre geográfico como elemento de entrada |
Conflicto árabe-israelí. |
| 651 #4 - PUNTO DE ACCESO ADICIONAL DE MATERIA--NOMBRE GEOGRÁFICO |
| Nombre geográfico |
Israel Política y gobierno |
| Subdivisión cronológica |
1993- |
| 651 #0 - PUNTO DE ACCESO ADICIONAL DE MATERIA--NOMBRE GEOGRÁFICO |
| Nombre geográfico |
Israel |
| Subdivisión general |
Politics and government |
| Subdivisión cronológica |
1993- |
| 700 1# - ENTRADA AGREGADA--NOMBRE PERSONAL |
| Nombre de persona |
Hamzeh, Muna, |
| Fechas asociadas al nombre |
1959- |
| 700 1# - ENTRADA AGREGADA--NOMBRE PERSONAL |
| Nombre de persona |
May, Todd, |
| Fechas asociadas al nombre |
1955- |
| 856 41 - LOCALIZACIÓN Y ACCESO ELECTRÓNICOS |
| Materiales especificados |
Table of contents |
| Identificador Uniforme de Recursos |
<a href="http://www.loc.gov/catdir/toc/fy037/2002156327.html">http://www.loc.gov/catdir/toc/fy037/2002156327.html</a> |
| 942 ## - ELEMENTOS DE ENTRADA SECUNDARIOS (KOHA) |
| Fuente del sistema de clasificación o colocación |
Clasificación de Library of Congress |
| Tipo de ítem Koha |
|
| 946 ## - PROCESAMIENTO DE INFORMACIÓN LOCAL (OCLC) |
| a |
PP |